Guess the Album Songs - The Tortured Poets Department - Statistics

General Stats
  • This quiz has been taken 39 times
  • The average score is 27 of 31
Answer Stats
Answer % Correct
Down Bad
100%
Fortnight
97%
The Black Dog
97%
Peter
94%
So High School
94%
So Long, London
94%
Cassandra
91%
My Boy Only Breaks His Favorite Toys
91%
The Manuscript
91%
The Tortured Poets Department
91%
Clara Bow
88%
The Albatross
88%
The Alchemy
88%
But Daddy I Love Him
85%
Florida!!!
85%
Guilty as Sin?
85%
The Bolter
85%
The Smallest Man Who Ever Lived
85%
Chloe or Sam or Sophia or Marcus
82%
Fresh Out The Slammer
82%
I Can Do It With a Broken Heart
82%
I Hate It Here
82%
Robin
82%
The Prophecy
82%
How Did it End?
79%
I Can Fix Him (No Really I Can)
79%
loml
79%
thanK you aIMee
79%
Who's Afraid of Little Old Me?
79%
I Look in People's Windows
76%
imgonnagetyouback
76%
No matching quizzes found
Score Distribution
Percent of People with Each Score
Percentile by Number Answered
Your Score History
You have not taken this quiz